| 000 | 01584cam a2200433 a 4500 | ||
|---|---|---|---|
| 001 | 21251 | ||
| 003 | VRT | ||
| 005 | 20260225151151.0 | ||
| 008 | 240318s2017 xr a b 000 j slo | ||
| 015 | _aSNBZSA2018/02 | ||
| 020 |
_a9788088036944 _q(viazané) |
||
| 035 | _aurn:nbn:sk:snk-am00d10w | ||
| 035 | _aurn:nbn:sk:snk-am3hi0k | ||
| 035 | _aB59ABDD8-CC7E-4905-88AB-E760DB19DE07 | ||
| 039 | 9 |
_a202403182142 _bVLOAD _c202001041159 _dVLOAD _c201802261108 _dmsnk131 _c201801291123 _dmsnk11 |
|
| 040 |
_aSLLK _bslo _cSLLK _dSNK _eAACR2 |
||
| 041 | 1 |
_aslo _heng |
|
| 044 |
_axr _cCZ |
||
| 072 | 7 |
_a821.111-3 _xAnglická próza, anglicky písaná _2konspekt |
|
| 072 | 7 |
_a821-93 _xLiteratúra pre deti a mládež (beletria) _2konspekt |
|
| 080 |
_a821.111-32 _22011 |
||
| 080 |
_a82-93-053.2 _22011 |
||
| 100 | 1 |
_aHowarth, Daniel _4aut |
|
| 240 | 1 | 0 |
_aMy first treasury of awesome stories _lSlovensky |
| 245 | 1 | 0 |
_aSuperchalan a ďalšie dobrodružstvá _c[text: Lucia Bukovanová ; ilustrácie: Daniel Howarth, Richard Watson, Maurizia Rubino] |
| 260 |
_aOstrava _bBookmedia _c2017 |
||
| 300 |
_a96 s. _bfareb. ilustr. _c26 cm |
||
| 655 | 7 |
_aanglické príbehy _2SNKPH |
|
| 655 | 7 |
_apublikácie pre deti _2SNKPH |
|
| 655 | 7 |
_aEnglish stories _2SNKPHeng |
|
| 655 | 7 |
_aChildren's literature _2SNKPHeng |
|
| 700 | 1 |
_aWatson, Richard _4ill |
|
| 700 | 1 |
_aRubino, Maurizia _4ill |
|
| 700 | 1 |
_aBukovanová, Lucia _4aut |
|
| 910 | _asllk | ||
| 910 | _asnk | ||
| 942 |
_2ddc _cKLDE _n0 |
||
| 949 |
_617A1308346 _asnkSB 92450 _bsnk2018/2476 _oPemic83-ah/16Int. č. fa - 81/2017 _s6100:20180313 |
||
| 999 |
_c21251 _d21251 |
||